[Event "Baden-ch U16"]
[Site "Karlsruhe Durlach"]
[Date "2012.01.03"]
[Round "4"]
[White "Ciolek, Andreas"]
[Black "Hirschberg, Leander"]
[Result "1/2-1/2"]
[WhiteElo "1781"]
[BlackElo "1752"]
[PlyCount "55"]
[EventDate "2012.01.02"]
[EventType "swiss"]
[EventRounds "7"]
[EventCountry "GER"]
[SourceTitle "EXT 2015"]
[Source "ChessBase"]
[SourceDate "2014.11.20"]
[SourceVersion "1"]
[SourceVersionDate "2014.11.20"]
[SourceQuality "1"]

1. e4 c5 2. Nf3 Nc6 3. d4 cxd4 4. Nxd4 Nf6 5. Nc3 e5 6. Ndb5 d6 7. Bg5 a6 8. Na3 b5 9. Nd5 Be7 10. Bxf6 Bxf6 11. c3 Bg5 12. Nc2 Rb8 13. Bd3 0-0 14. Nce3 Be6 15. 0-0 Bxd5 16. Nxd5 Ne7 17. Bc2 Nxd5 18. Qxd5 Qc7 19. Rfd1 Rfd8 20. Bb3 Rd7 21. Rd3 Rb6 22. g3 Qc6 23. Rad1 Kf8 24. f4 Bf6 25. a4 Qxd5 26. Rxd5 Ke7 27. a5 Rbb7 28. f5 1/2-1/2

[Event "Nuremberg LGA Cup 8th"]
[Site "Nuremberg"]
[Date "2011.09.08"]
[Round "1"]
[White "Goebel, Constantin"]
[Black "Hirschberg, Leander"]
[Result "1-0"]
[WhiteElo "2224"]
[BlackElo "1745"]
[PlyCount "63"]
[EventDate "2011.09.08"]
[EventType "swiss"]
[EventRounds "7"]
[EventCountry "GER"]
[SourceTitle "CBM 144 Extra"]
[Source "ChessBase"]
[SourceDate "2011.10.28"]
[SourceVersion "1"]
[SourceVersionDate "2011.10.28"]
[SourceQuality "1"]

1. e4 c5 2. Nf3 Nc6 3. d4 cxd4 4. Nxd4 e5 5. Nb5 d6 6. N1c3 Nf6 7. Nd5 Nxd5 8. exd5 Nb8 9. c4 Nd7 10. Be2 Be7 11. 0-0 0-0 12. Kh1 f5 13. f4 e4 14. Be3 a6 15. Nd4 Nf6 16. Rc1 Bd7 17. Qb3 Qc7 18. c5 Kh8 19. c6 bxc6 20. Nxc6 Bxc6 21. Rxc6 Qa5 22. Rd1 Qd8 23. Rxa6 Rb8 24. Qc2 Rb7 25. h3 Qb8 26. b3 Rc8 27. Rc6 Rbc7 28. Ba6 Rxc6 29. dxc6 Rc7 30. b4 Nd7 31. Qa4 Nb6 32. Qb5 1-0

[Event "Nuremberg LGA Cup 7th"]
[Site "Nuremberg"]
[Date "2010.09.05"]
[Round "7"]
[White "Grasser, Stefan"]
[Black "Hirschberg, Leander"]
[Result "1-0"]
[WhiteElo "1657"]
[BlackElo "1681"]
[PlyCount "115"]
[EventDate "2010.09.02"]
[EventType "swiss"]
[EventRounds "7"]
[EventCountry "GER"]
[SourceTitle "CBM 138 Extra"]
[Source "ChessBase"]
[SourceDate "2010.10.29"]
[SourceVersion "1"]
[SourceVersionDate "2010.10.29"]
[SourceQuality "1"]

1. c4 c5 2. Nc3 Nf6 3. e4 Nc6 4. d3 e5 5. g3 g6 6. Bg2 Bg7 7. Nge2 d6 8. h3 Be6 9. 0-0 Qd7 10. Kh2 0-0 11. Rb1 Ne8 12. f4 f5 13. Nd5 Nc7 14. Nxc7 Qxc7 15. a3 Rad8 16. b4 b6 17. Bd2 Qd7 18. b5 Ne7 19. Nc3 Rf7 20. Nd5 Bxd5 21. cxd5 Re8 22. a4 Rff8 23. Rf2 Rc8 24. Qb3 Rce8 25. Rbf1 Rf7 26. Bc3 Kh8 27. Qb2 Ng8 28. fxe5 Bxe5 29. d4 cxd4 30. Bxd4 Nh6 31. Qd2 Bxd4 32. Qxd4+ Re5 33. exf5 Rfxf5 34. g4 Rxf2 35. Qxf2 Ng8 36. Qf8 Qe7 37. Rf7 Qxf8 38. Rxf8 Re2 39. Ra8 Re7 40. Rd8 Kg7 41. Rxd6 Nf6 42. g5 Nd7 43. Rc6 Nc5 44. d6 Rd7 45. Rc7 Kf8 46. Rxd7 Nxd7 47. Kg3 Ne5 48. Bd5 Nf7 49. Bxf7 Kxf7 50. Kf4 Ke6 51. d7 Kxd7 52. Ke5 Ke7 53. h4 Kf7 54. Kd6 Ke8 55. Kc7 Ke7 56. Kb7 Kd7 57. Kxa7 Kc7 58. Ka6 1-0

[Event "Nuremberg LGA Cup 6th"]
[Site "Nuremberg"]
[Date "2009.09.06"]
[Round "7"]
[White "Hirschberg, Leander"]
[Black "Beesk, Kevin"]
[Result "1/2-1/2"]
[WhiteElo "1699"]
[BlackElo "1541"]
[PlyCount "53"]
[EventDate "2009.09.03"]
[EventType "swiss"]
[EventRounds "7"]
[EventCountry "GER"]
[SourceTitle "CBM 132 Extra"]
[Source "ChessBase"]
[SourceDate "2009.11.03"]
[SourceVersion "1"]
[SourceVersionDate "2009.11.03"]
[SourceQuality "1"]

1. e4 e5 2. Nf3 Nc6 3. d4 exd4 4. Bc4 Bc5 5. c3 dxc3 6. Bxf7+ Kxf7 7. Qd5+ Kf8 8. Qxc5+ Qe7 9. Qxc3 Qxe4+ 10. Be3 d5 11. 0-0 Nf6 12. Re1 Qf5 13. Nbd2 Bd7 14. Bc5+ Kf7 15. Ne5+ Nxe5 16. Rxe5 Qg6 17. Re7+ Kg8 18. Rae1 Bc6 19. Nf3 Ne4 20. Qc1 Re8 21. Rxe8+ Qxe8 22. Qf4 Qf7 23. Qe3 h6 24. Ne5 Qe6 25. Nd3 Qf7 26. Ne5 Qe6 27. Nd3 1/2-1/2

[Event "Nuremberg LGA Cup 6th"]
[Site "Nuremberg"]
[Date "2009.09.06"]
[Round "6"]
[White "Steinmueller, Alexander"]
[Black "Hirschberg, Leander"]
[Result "1-0"]
[WhiteElo "2058"]
[BlackElo "1699"]
[PlyCount "85"]
[EventDate "2009.09.03"]
[EventType "swiss"]
[EventRounds "7"]
[EventCountry "GER"]
[SourceTitle "CBM 132 Extra"]
[Source "ChessBase"]
[SourceDate "2009.11.03"]
[SourceVersion "1"]
[SourceVersionDate "2009.11.03"]
[SourceQuality "1"]

1. e4 c5 2. Nf3 Nc6 3. Bc4 e5 4. c3 Nf6 5. d3 d5 6. exd5 Nxd5 7. Qe2 Qd6 8. Ng5 Be6 9. Nxe6 Qxe6 10. Nd2 Be7 11. Qf3 0-0-0 12. 0-0 Na5 13. Bb5 Qf6 14. Qg4+ Kb8 15. Qa4 Qb6 16. Nc4 Nxc4 17. Qxc4 Rhf8 18. Ba4 Qd6 19. Bc2 Nb6 20. Qg4 Qf6 21. f4 Ka8 22. fxe5 Qxe5 23. Bf4 Qd5 24. Rad1 Bf6 25. a4 Qd7 26. Qh5 Rc8 27. a5 Nd5 28. Bd2 h6 29. a6 Rcd8 30. axb7+ Qxb7 31. d4 cxd4 32. Be4 Rfe8 33. Bf3 Re5 34. Qh3 Qc8 35. Qxc8+ Rxc8 36. Bf4 Rf5 37. g4 Rxf4 38. Bxd5+ Kb8 39. Rxf4 dxc3 40. bxc3 Rxc3 41. Rb4+ Kc8 42. Bxf7 Rc2 43. Be6+ 1-0

[Event "Nuremberg LGA Cup 6th"]
[Site "Nuremberg"]
[Date "2009.09.03"]
[Round "1"]
[White "Hirschberg, Leander"]
[Black "Koepke, Elena"]
[Result "0-1"]
[WhiteElo "1699"]
[BlackElo "2239"]
[PlyCount "48"]
[EventDate "2009.09.03"]
[EventType "swiss"]
[EventRounds "7"]
[EventCountry "GER"]
[SourceTitle "CBM 132 Extra"]
[Source "ChessBase"]
[SourceDate "2009.11.03"]
[SourceVersion "1"]
[SourceVersionDate "2009.11.03"]
[SourceQuality "1"]

1. e4 c5 2. c3 Qa5 3. Nf3 Nc6 4. Be2 Nf6 5. e5 Nd5 6. 0-0 e6 7. d4 cxd4 8. cxd4 d6 9. Qd2 Qb6 10. Nc3 Nxc3 11. Qxc3 Be7 12. Be3 d5 13. Rac1 0-0 14. Rfd1 Bd7 15. Nd2 Rac8 16. Qd3 Nb4 17. Qb3 a5 18. a3 a4 19. Nc4 dxc4 20. Qc3 Na2 21. Qd2 Nxc1 22. Rxc1 c3 23. bxc3 Bxa3 24. Rd1 Qb2 0-1

[Event "Wasselonne op"]
[Site "Wasselonne"]
[Date "2009.08.08"]
[Round "4"]
[White "Hirschberg, Leander"]
[Black "Viennot, Dylan"]
[Result "0-1"]
[WhiteElo "1695"]
[BlackElo "1925"]
[PlyCount "56"]
[EventDate "2009.08.06"]
[EventType "swiss"]
[EventRounds "7"]
[EventCountry "FRA"]
[SourceTitle "EXT 2011"]
[Source "ChessBase"]
[SourceDate "2010.11.26"]
[SourceVersion "1"]
[SourceVersionDate "2010.11.26"]
[SourceQuality "1"]

1. e4 c5 2. c3 d6 3. d4 Nf6 4. Bd3 e5 5. d5 Be7 6. c4 Nbd7 7. Nf3 Nf8 8. Be3 Ng6 9. 0-0 0-0 10. Nc3 Nh5 11. Qd2 Nhf4 12. Bxf4 Nxf4 13. Ne2 Nxd3 14. Qxd3 f5 15. Ng3 f4 16. Ne2 g5 17. Nd2 Rf7 18. Rab1 Bf8 19. a3 Rg7 20. f3 h5 21. b4 b6 22. b5 g4 23. Ra1 Qh4 24. Nc3 g3 25. h3 Bxh3 26. gxh3 Qxh3 27. Qe2 g2 28. Rfd1 Be7 0-1

[Event "Nuremberg LGA Cup 5th"]
[Site "Nuremberg"]
[Date "2008.09.07"]
[Round "7.79"]
[White "Hirschberg, Leander"]
[Black "Deinlein, Albert"]
[Result "1/2-1/2"]
[WhiteElo "1561"]
[BlackElo "1969"]
[PlyCount "57"]
[EventDate "2008.09.04"]
[EventType "swiss"]
[EventRounds "7"]
[EventCountry "GER"]
[SourceTitle "EXT 2022"]
[Source "ChessBase"]
[SourceDate "2021.10.06"]
[SourceVersion "1"]
[SourceVersionDate "2021.10.06"]
[SourceQuality "1"]

1. e4 e5 2. Nf3 Nf6 3. Nxe5 d6 4. Nf3 Nxe4 5. d4 d5 6. Bd3 Bd6 7. 0-0 0-0 8. Nbd2 f5 9. c4 c6 10. Nb3 Nd7 11. Be3 f4 12. Bd2 g5 13. Bc3 Kh8 14. Nfd2 Nxc3 15. bxc3 Nf6 16. Re1 g4 17. f3 g3 18. h3 Nh5 19. Re2 Ng7 20. Qc2 Nf5 21. Nf1 Bd7 22. Rae1 Qf6 23. Na5 b6 24. Nb3 Qf7 25. Nbd2 Nh4 26. cxd5 cxd5 27. c4 Rac8 28. Qb3 Bc6 29. Re6 1/2-1/2

[Event "Baden-ch U12"]
[Site "Neuenbuerg/Enz"]
[Date "2008.01.05"]
[Round "5"]
[White "Dieterle, Patrick"]
[Black "Hirschberg, Leander"]
[Result "0-1"]
[WhiteElo "1069"]
[BlackElo "1369"]
[PlyCount "102"]
[EventDate "2008.01.04"]
[EventType "swiss"]
[EventRounds "7"]
[EventCountry "GER"]
[SourceTitle "EXT 2009"]
[Source "ChessBase"]
[SourceDate "2008.11.26"]
[SourceVersion "1"]
[SourceVersionDate "2008.11.26"]
[SourceQuality "1"]

1. e4 e5 2. Nf3 Nf6 3. Nc3 Nc6 4. Bb5 Nd4 5. Be2 d6 6. h3 Be7 7. d3 Be6 8. Be3 c5 9. 0-0 0-0 10. a3 Qb6 11. Rb1 Qa5 12. Bd2 Qc7 13. Be3 a5 14. a4 b6 15. Bxd4 cxd4 16. Nb5 Qc5 17. Qd2 Bd7 18. c4 h6 19. Rfc1 Rfc8 20. Rc2 Qb4 21. Qxb4 axb4 22. Rcc1 Rxa4 23. Ra1 Rca8 24. Rxa4 Rxa4 25. Nc7 Ra2 26. Rc2 b3 27. Rd2 Bd8 28. Nd5 Nxd5 29. cxd5 b5 30. Bd1 Ra1 31. Re2 Rxd1+ 32. Ne1 Ba5 33. Kf1 Bxe1 34. Rxe1 Rxe1+ 35. Kxe1 b4 36. Kd2 Bb5 37. f3 Kf8 38. Ke2 Ke7 39. g4 Kf6 40. h4 Kg6 41. Kd2 f6 42. Ke2 h5 43. Kd2 Kh6 44. Ke2 g5 45. gxh5 gxh4 46. Kf2 Kxh5 47. Ke2 Kg5 48. Kf2 Bxd3 49. Kg2 Bc2 50. Kf2 d3 51. Ke3 h3 0-1

[Event "Baden-ch AT1"]
[Site "Oberwinden"]
[Date "2007.04.11"]
[Round "8"]
[White "Bachert, Daniel"]
[Black "Hirschberg, Leander"]
[Result "1/2-1/2"]
[WhiteElo "1029"]
[BlackElo "1080"]
[PlyCount "29"]
[EventDate "2007.04.06"]
[EventType "swiss"]
[EventRounds "11"]
[EventCountry "GER"]
[SourceTitle "CBM 117 Extra"]
[Source "ChessBase"]
[SourceDate "2007.05.09"]
[SourceVersion "1"]
[SourceVersionDate "2007.05.09"]
[SourceQuality "1"]

1. d4 d5 2. Nc3 Nf6 3. Bg5 e6 4. Nf3 Be7 5. e3 0-0 6. Bd3 Nc6 7. 0-0 Bd7 8. Re1 Re8 9. a3 a6 10. h3 h6 11. Bh4 Nh7 12. Bxe7 Qxe7 13. Bxh7+ Kxh7 14. Qd3+ Kg8 15. e4 1/2-1/2

[Event "Nuremberg LGA Cup 3rd"]
[Site "Nuremberg"]
[Date "2006.09.09"]
[Round "4.81"]
[White "Dreiseitel, Ursula"]
[Black "Hirschberg, Leander"]
[Result "0-1"]
[WhiteElo "1197"]
[BlackElo "1080"]
[PlyCount "62"]
[EventDate "2006.09.07"]
[EventType "swiss"]
[EventRounds "7"]
[EventCountry "GER"]
[SourceTitle "EXT 2022"]
[Source "ChessBase"]
[SourceDate "2021.10.06"]
[SourceVersion "1"]
[SourceVersionDate "2021.10.06"]
[SourceQuality "1"]

1. Nf3 d5 2. d3 Nc6 3. g3 e6 4. Bg2 Nf6 5. 0-0 Be7 6. Nbd2 0-0 7. e4 Bd6 8. Re1 Nd7 9. Nf1 Nde5 10. exd5 exd5 11. Ng5 Be7 12. Nf3 Bg4 13. Ne3 Nxf3+ 14. Bxf3 Bxf3 15. Qxf3 d4 16. Ng2 Bf6 17. Bd2 Re8 18. Nf4 Ne5 19. Qg2 Nc4 20. Nh5 Be5 21. f4 Bd6 22. f5 Be5 23. Re4 Qd7 24. Rf1 Rad8 25. g4 Bd6 26. Rxe8+ Rxe8 27. g5 Qe7 28. f6 Qe2 29. fxg7 Qxh5 30. Bf4 Bxf4 31. Rxf4 Re1+ 0-1

[Event "Nuremberg LGA Cup 3rd"]
[Site "Nuremberg"]
[Date "2006.09.07"]
[Round "1.80"]
[White "Hirschberg, Leander"]
[Black "Schupp, Uwe"]
[Result "0-1"]
[WhiteElo "1080"]
[BlackElo "2042"]
[PlyCount "98"]
[EventDate "2006.09.07"]
[EventType "swiss"]
[EventRounds "7"]
[EventCountry "GER"]
[SourceTitle "CBM 114 Extra"]
[Source "ChessBase"]
[SourceDate "2006.11.03"]
[SourceVersion "1"]
[SourceVersionDate "2006.11.03"]
[SourceQuality "1"]

1. e4 d6 2. Nc3 Nf6 3. Nf3 c6 4. Be2 Nbd7 5. d3 e5 6. Be3 Be7 7. 0-0 0-0 8. Re1 Ng4 9. Qd2 Nxe3 10. Qxe3 Qc7 11. d4 Nf6 12. dxe5 dxe5 13. Bd3 h6 14. Rad1 Be6 15. a3 b5 16. b4 a5 17. Rb1 Nd7 18. Qe2 Nb6 19. Rb2 Bc4 20. Nd2 Be6 21. Nf3 axb4 22. axb4 Ra3 23. Qd2 Rd8 24. Re3 Nc4 25. Qc1 Rxc3 26. Bxc4 Rxe3 27. Qxe3 Bxc4 28. Qe1 Qd6 29. Rb1 Ra8 30. c3 Bd8 31. h3 Bb6 32. Rd1 Qc7 33. Nd2 Ra2 34. Ra1 Qa7 35. Rxa2 Qxa2 36. Nxc4 Qxc4 37. Kh1 c5 38. f3 cxb4 39. cxb4 Bd4 40. Qb1 Bc3 41. Qd1 Qd4 42. Qb1 Qxb4 43. Qa2 Qc4 44. Qb1 b4 45. Kh2 b3 46. Qc1 b2 47. Qb1 Bd4 48. Kg3 Qc1 49. Qa2 b1Q 0-1

[Event "Nuremberg LGA Cup 2nd"]
[Site "Nuremberg"]
[Date "2005.09.10"]
[Round "4.71"]
[White "Hirschberg, Leander"]
[Black "Gude, Michael"]
[Result "0-1"]
[WhiteElo "1100"]
[BlackElo "1476"]
[PlyCount "132"]
[EventDate "2005.09.08"]
[EventType "swiss"]
[EventRounds "7"]
[EventCountry "GER"]
[SourceTitle "EXT 2022"]
[Source "ChessBase"]
[SourceDate "2021.10.06"]
[SourceVersion "1"]
[SourceVersionDate "2021.10.06"]
[SourceQuality "1"]

1. e4 e5 2. Nf3 Nf6 3. Nxe5 d6 4. Nf3 Nxe4 5. d4 d5 6. Bd3 Bd6 7. 0-0 Bg4 8. Nc3 Nxc3 9. Re1+ Ne4 10. Bxe4 dxe4 11. Rxe4+ Be6 12. Ng5 0-0 13. Qh5 Bf5 14. Rh4 Bg6 15. Qe2 h6 16. Qg4 Qe7 17. Nf3 Na6 18. Qh3 Qe6 19. g4 Be7 20. g5 Qxh3 21. Rxh3 hxg5 22. Bxg5 Bxg5 23. Nxg5 Rfe8 24. c3 Re2 25. b3 Rae8 26. Nf3 f6 27. c4 c6 28. Rg3 Bh5 29. Nh4 Re1+ 30. Rxe1 Rxe1+ 31. Kg2 Nb4 32. Nf5 g6 33. a3 Nc2 34. f4 Kh7 35. Nd6 Nxd4 36. Nxb7 Ne2 37. Kf2 Nxg3 38. Kxe1 Ne4 39. b4 g5 40. fxg5 Nxg5 41. Nc5 Bf7 42. Nb3 Bxc4 43. Na5 Bb5 44. Kd2 Nf3+ 45. Kc3 Nxh2 46. Kd4 Kg6 47. Kc5 f5 48. Nxc6 Bxc6 49. Kxc6 Nf3 50. Kb7 Nd4 51. Kxa7 Nb5+ 52. Kb6 Nxa3 53. b5 Nxb5 54. Kxb5 Kg5 55. Kc4 Kg4 56. Kd3 Kf3 57. Kd2 Kf2 58. Kd1 f4 59. Kd2 f3 60. Kd1 Kf1 61. Kd2 f2 62. Ke3 Kg2 63. Kd3 f1Q+ 64. Ke3 Qc4 65. Kd2 Kf3 66. Ke1 Qe2# 0-1